000 00932nam a2200301 a 4500
008
020 _a9781483378343 (paperback)
040 _aNUST
_cNUST
049 _aMAIN
090 _aHD66
_bLEV
100 1 _aLevi, Daniel.,
_aauthor.
245 0 _aGroup dynamics for teams/
_c Daniel Levi.
250 _aFifth edition.
260 _aLos Angeles :
_bSAGE,
_c2017.
300 _axxviii, 430 pages :
_billustrations ;
_c23 cm.
336 _atext
_btxt
_2rdacontent
337 _aunmediated
_bn
_2rdamedia
338 _avolume
_bnc
_2rdacarrier
500 _aIncludes index.
504 _aIncludes bibliographical references.
650 1 _aTeams in the workplace.
650 _aOrganizational behaviour.
650 _aTeams in the workplace
_xPsychological aspects.
907 _a.b10417461
_b13-05-22
_c05-05-22
003
005 20230123141242.0
942 _cBOOKS
_kHD66
_mLEV
999 _c170301
_d170301